Pink Cadillac lyrics - Statistics

General Stats
  • This quiz has been taken 3 times
  • The average score is 210 of 351
Answer Stats
Lyrics % Correct
a
100%
back
100%
Cadillac
100%
do
100%
For
100%
for
100%
I
100%
in
100%
it
100%
love
100%
my
100%
night
100%
no
100%
now
100%
Now
100%
of
100%
Of
100%
on
100%
On
100%
Pink
100%
pink
100%
the
100%
to
100%
we
100%
what
100%
you
100%
You
100%
your
100%
all
67%
can
67%
'Cause
67%
down
67%
get
67%
goes
67%
got
67%
have
67%
honey
67%
Honey
67%
how
67%
I'll
67%
I'm
67%
is
67%
it's
67%
It's
67%
know
67%
like
67%
me
67%
money
67%
out
67%
Saturday
67%
seats
67%
Spending
67%
street
67%
than
67%
that
67%
That
67%
There
67%
there
67%
they
67%
They
67%
too
67%
was
67%
wonder
67%
ain't
33%
an
33%
and
33%
And
33%
'bout
33%
But
33%
car
33%
does
33%
doing
33%
don't
33%
drive
33%
fast
33%
Feeling
33%
feels
33%
girls
33%
going
33%
her
33%
into
33%
just
33%
may
33%
nerves
33%
one
33%
over
33%
say
33%
sight
33%
There's
33%
there's
33%
thing
33%
things
33%
think
33%
velvet
33%
Waving
33%
way
33%
Well
33%
When
33%
with
33%
wrong
33%
Adam
0%
along
0%
always
0%
Anyway
0%
apple
0%
baby
0%
Baby
0%
Bible
0%
big
0%
bigger
0%
bug
0%
come
0%
Crushed
0%
Eve
0%
facts
0%
flesh
0%
folks
0%
foolish
0%
gas
0%
gold
0%
here
0%
Hey
0%
hold
0%
Honda
0%
hug
0%
man
0%
much
0%
old
0%
only
0%
Oozing
0%
park
0%
party
0%
pleasures
0%
plenty
0%
Riding
0%
secret
0%
silver
0%
sir
0%
some
0%
Some
0%
somebody
0%
Somebody
0%
something
0%
spill
0%
Subaru
0%
surely
0%
tempt
0%
Temptations
0%
tempted
0%
tempting
0%
that'll
0%
uses
0%
No matching quizzes found
Score Distribution
Percent of People with Each Score
Percentile by Number Answered
Your Score History
You have not taken this quiz